<?xml version="1.0" encoding="UTF-8"?>
<record
    xmlns:xsi="http://www.w3.org/2001/XMLSchema-instance"
    xsi:schemaLocation="http://www.loc.gov/MARC21/slim http://www.loc.gov/standards/marcxml/schema/MARC21slim.xsd"
    xmlns="http://www.loc.gov/MARC21/slim">

  <leader>01523nam a22003857a 4500</leader>
  <controlfield tag="003">CHAP</controlfield>
  <controlfield tag="005">20220329143726.0</controlfield>
  <controlfield tag="008">110419s2011    mx      r     00010 spa d</controlfield>
  <datafield tag="010" ind1=" " ind2=" ">
    <subfield code="a">100985</subfield>
  </datafield>
  <datafield tag="011" ind1=" " ind2=" ">
    <subfield code="a">101957</subfield>
  </datafield>
  <datafield tag="035" ind1=" " ind2=" ">
    <subfield code="a">112645</subfield>
  </datafield>
  <datafield tag="040" ind1=" " ind2=" ">
    <subfield code="c">CHAP</subfield>
  </datafield>
  <datafield tag="090" ind1=" " ind2=" ">
    <subfield code="a">Tesis</subfield>
  </datafield>
  <datafield tag="100" ind1="1" ind2=" ">
    <subfield code="a">Rosas Peralta, Natividad</subfield>
    <subfield code="9">100036</subfield>
  </datafield>
  <datafield tag="245" ind1="1" ind2="0">
    <subfield code="a">Diagn&#xF3;stico del sistema producto leche en la regi&#xF3;n de Actopan, Hidalgo</subfield>
    <subfield code="h">[En l&#xED;nea]</subfield>
    <subfield code="c">/por Natividad Rosas Peralta</subfield>
  </datafield>
  <datafield tag="260" ind1=" " ind2=" ">
    <subfield code="a">Chapingo, M&#xE9;x. :</subfield>
    <subfield code="b">El autor,</subfield>
    <subfield code="c">2011</subfield>
  </datafield>
  <datafield tag="500" ind1=" " ind2=" ">
    <subfield code="a">Para ver el contenido del material haga clic en la liga</subfield>
  </datafield>
  <datafield tag="502" ind1=" " ind2=" ">
    <subfield code="a">Tesis (Ing. Agroindustrial) -- UACH. Departamento de Ingenier&#xED;a Agroindustrial</subfield>
  </datafield>
  <datafield tag="590" ind1=" " ind2=" ">
    <subfield code="a">ALEPH</subfield>
    <subfield code="b">10</subfield>
    <subfield code="c">20130110</subfield>
    <subfield code="l">UCH01</subfield>
    <subfield code="h">1540</subfield>
  </datafield>
  <datafield tag="590" ind1=" " ind2=" ">
    <subfield code="a">BATCH-UPD</subfield>
    <subfield code="b">10</subfield>
    <subfield code="c">20130110</subfield>
    <subfield code="l">UCH01</subfield>
    <subfield code="h">1304</subfield>
  </datafield>
  <datafield tag="590" ind1=" " ind2=" ">
    <subfield code="a">BATCH-UPD</subfield>
    <subfield code="b">10</subfield>
    <subfield code="c">20130410</subfield>
    <subfield code="l">UCH01</subfield>
    <subfield code="h">0821</subfield>
  </datafield>
  <datafield tag="590" ind1=" " ind2=" ">
    <subfield code="a">BATCH-UPD</subfield>
    <subfield code="b">10</subfield>
    <subfield code="c">20130914</subfield>
    <subfield code="l">UCH01</subfield>
    <subfield code="h">1518</subfield>
  </datafield>
  <datafield tag="590" ind1=" " ind2=" ">
    <subfield code="a">BATCH-UPD</subfield>
    <subfield code="b">10</subfield>
    <subfield code="c">20140324</subfield>
    <subfield code="l">UCH01</subfield>
    <subfield code="h">1524</subfield>
  </datafield>
  <datafield tag="590" ind1=" " ind2=" ">
    <subfield code="a">BATCH-UPD</subfield>
    <subfield code="b">10</subfield>
    <subfield code="c">20141002</subfield>
    <subfield code="l">UCH01</subfield>
    <subfield code="h">0848</subfield>
  </datafield>
  <datafield tag="590" ind1=" " ind2=" ">
    <subfield code="a">CONVERSION</subfield>
    <subfield code="b">10</subfield>
    <subfield code="c">20130109</subfield>
    <subfield code="l">UCH01</subfield>
    <subfield code="h">1356</subfield>
  </datafield>
  <datafield tag="650" ind1="1" ind2="4">
    <subfield code="a">Ganado lechero</subfield>
    <subfield code="x">Alimentaci&#xF3;n.</subfield>
    <subfield code="9">45238</subfield>
  </datafield>
  <datafield tag="650" ind1="1" ind2="4">
    <subfield code="a">Ganado lechero</subfield>
    <subfield code="x">Hidalgo.</subfield>
    <subfield code="9">45270</subfield>
  </datafield>
  <datafield tag="650" ind1="1" ind2="4">
    <subfield code="a">Leche</subfield>
    <subfield code="x">Producci&#xF3;n</subfield>
    <subfield code="z">Hidalgo.</subfield>
    <subfield code="9">65404</subfield>
  </datafield>
  <datafield tag="650" ind1="1" ind2="4">
    <subfield code="a">Sistemas de producci&#xF3;n.</subfield>
    <subfield code="9">106767</subfield>
  </datafield>
  <datafield tag="856" ind1=" " ind2=" ">
    <subfield code="3">Finding aid</subfield>
    <subfield code="u">http://10.13.5.2/tesis/112645.pdf</subfield>
    <subfield code="z">Teclea aqui</subfield>
  </datafield>
  <datafield tag="901" ind1=" " ind2=" ">
    <subfield code="a">BK</subfield>
  </datafield>
  <datafield tag="942" ind1=" " ind2=" ">
    <subfield code="c">FOLL</subfield>
  </datafield>
  <datafield tag="949" ind1=" " ind2=" ">
    <subfield code="a">Tesis</subfield>
    <subfield code="b">BC</subfield>
    <subfield code="c">TES</subfield>
    <subfield code="d">33724002257090</subfield>
    <subfield code="e">TS2</subfield>
    <subfield code="f">c.2</subfield>
    <subfield code="g">Donaci&#xD8;n</subfield>
    <subfield code="h">52184</subfield>
    <subfield code="i">112645</subfield>
    <subfield code="s">t</subfield>
  </datafield>
  <datafield tag="949" ind1=" " ind2=" ">
    <subfield code="a">Tesis</subfield>
    <subfield code="b">BC</subfield>
    <subfield code="c">TES</subfield>
    <subfield code="d">33724002257132</subfield>
    <subfield code="e">TS1</subfield>
    <subfield code="g">Donaci&#xD8;n</subfield>
    <subfield code="h">52183</subfield>
    <subfield code="i">112645</subfield>
    <subfield code="s">t</subfield>
  </datafield>
  <datafield tag="999" ind1=" " ind2=" ">
    <subfield code="c">100985</subfield>
    <subfield code="d">100985</subfield>
  </datafield>
  <datafield tag="952" ind1=" " ind2=" ">
    <subfield code="0">0</subfield>
    <subfield code="1">0</subfield>
    <subfield code="2">local</subfield>
    <subfield code="4">0</subfield>
    <subfield code="5">3</subfield>
    <subfield code="7">0</subfield>
    <subfield code="8">TESIS</subfield>
    <subfield code="a">BC</subfield>
    <subfield code="b">BC</subfield>
    <subfield code="c">PA_TESIS</subfield>
    <subfield code="d">2019-12-31</subfield>
    <subfield code="e">Donacion</subfield>
    <subfield code="f">TESIS</subfield>
    <subfield code="l">0</subfield>
    <subfield code="o">Tesis</subfield>
    <subfield code="p">33724002257090</subfield>
    <subfield code="r">2019-12-31 00:00:00</subfield>
    <subfield code="t">c.2</subfield>
    <subfield code="w">2019-12-31</subfield>
    <subfield code="y">TESIS</subfield>
  </datafield>
  <datafield tag="952" ind1=" " ind2=" ">
    <subfield code="0">0</subfield>
    <subfield code="1">0</subfield>
    <subfield code="2">local</subfield>
    <subfield code="4">0</subfield>
    <subfield code="5">1</subfield>
    <subfield code="7">0</subfield>
    <subfield code="8">TESIS</subfield>
    <subfield code="a">BC</subfield>
    <subfield code="b">BC</subfield>
    <subfield code="c">PA_TESIS</subfield>
    <subfield code="d">2019-12-31</subfield>
    <subfield code="e">Donacion</subfield>
    <subfield code="f">TESIS</subfield>
    <subfield code="l">0</subfield>
    <subfield code="o">Tesis</subfield>
    <subfield code="p">33724002257132</subfield>
    <subfield code="r">2019-12-31 00:00:00</subfield>
    <subfield code="w">2019-12-31</subfield>
    <subfield code="y">TESIS</subfield>
  </datafield>
</record>
